000 00247nam a22001097a 4500
008 180806b xxu||||| |||| 00| 0 eng d
082 _a813.52
245 _aWings Over Lexington
_cHayden,J.C
260 _c1963
300 _a1
_fCD
942 _2ddc
_cMX
999 _c46843
_d46843